|
|
|
|
| LEADER |
00000nam0a2200000 4500 |
| 001 |
153241 |
| 005 |
20231101221659.0 |
| 010 |
|
|
|a 9785217034352
|b (в пер.)
|b 1000 экз.
|
| 021 |
|
|
|a RU
|b 09-3078
|9 09-166
|
| 035 |
|
|
|a (RuTPU)RU\TPU\book\166258
|
| 090 |
|
|
|a 153241
|
| 100 |
|
|
|a 20090224d2008 km y0rusy5002 ca
|
| 101 |
0 |
|
|a rus
|
| 102 |
|
|
|a RU
|
| 105 |
|
|
|a a z 001yy
|
| 200 |
1 |
|
|a Проектирование установок ракетного вооружения летательных аппаратов
|f В. А. Нестеров, М. Ю. Куприков, Л. В. Маркин
|g Российская академия ракетных и артиллерийских наук (РАРАН)
|
| 210 |
|
|
|a Москва
|c Машиностроение
|d 2008
|
| 215 |
|
|
|a 287 с.
|c ил.
|d 24 см.
|
| 225 |
1 |
|
|a Вооружение и военная техника
|v Вып. 6
|
| 225 |
1 |
|
|a Справочная библиотека разработчика-исследователя
|
| 320 |
|
|
|a Библиогр.: с. 281-284.
|
| 330 |
|
|
|a Рассмотрены принципы и методологические основы проектирования ракетного вооружения — авиационных пусковых и катапультных установок, проектировочный расчет основных агрегатов, инженерные методы исследования динамики старта ракет, принципы построения важнейших систем; даны критерии технического уровня установок ракетного вооружения. Приведены новые технологии проектирования и поддержки жизненного цикла изделия, основные принципы CALS/PLM-технологий, программные комплексы для их реализации, единое информационное поле, экономические и организационные аспекты внедрения CALS/PLM-технологий. Представлены примеры модулей САПР — оптимизации процесса компоновки ракетного вооружения на самолете и взаимной увязки вооружения и конструктивно-компоновочной схемы самолета. Книга рассчитана на специалистов, научная и профессиональная деятельность которых связана с проектированием установок ракетного вооружения и других сложных электромеханических систем с использованием новых технологий проектирования. Она может быть полезна для аспирантов и адъюнктов, студентов гражданских и военных вузов, обучающихся по соответствующим специальностям.
|
| 606 |
0 |
|
|a Ракеты боевые
|x Проектирование
|2 RuMRKP
|
| 606 |
0 |
|
|a Самолеты военные
|x Вооружение
|x Проектирование
|2 RuMRKP
|
| 606 |
1 |
|
|a Ракеты
|x Проектирование
|2 stltpush
|3 (RuTPU)RU\TPU\subj\23751
|9 48286
|
| 610 |
1 |
|
|a ракетное вооружение
|
| 610 |
1 |
|
|a проектирование
|
| 610 |
1 |
|
|a авиационные установки
|
| 610 |
1 |
|
|a проектировочный расчет
|
| 610 |
1 |
|
|a военная техника
|
| 610 |
1 |
|
|a электромеханика
|
| 675 |
|
|
|a 629.76.01
|v 3
|z rus
|
| 700 |
|
1 |
|a Нестеров
|b В. А.
|g Виктор Антонович
|4 070
|
| 701 |
|
1 |
|a Куприков
|b М. Ю.
|g Михаил Юрьевич
|4 070
|
| 701 |
|
1 |
|a Маркин
|b Л. В.
|g Леонид Владимирович
|4 070
|
| 712 |
0 |
2 |
|a Российская академия ракетных и артиллерийских наук (РАРАН)
|c (Москва)
|2 stltpush
|3 (RuTPU)RU\TPU\col\3202
|
| 801 |
|
1 |
|a RU
|b 63413507
|c 20090210
|g PSBO
|
| 801 |
|
2 |
|a RU
|b 63413507
|c 20150714
|g PSBO
|
| 942 |
|
|
|c BK
|
| 959 |
|
|
|a 22/20090210
|d 2
|e 0
|f АНЛ:1
|f ЧЗТЛ:1
|